| 000 | 01074nam a2200229Ia 4500 | ||
|---|---|---|---|
| 003 | Ost | ||
| 005 | 20260507075112.0 | ||
| 008 | 260507s9999||||xx |||||||||||||| ||und|| | ||
| 020 | _a4410208977 | ||
| 040 | _cfsecg | ||
| 041 | _aara | ||
| 082 | _a330 | ||
| 100 |
_aأيوب، مدحت _eمؤلف |
||
| 245 | 0 |
_aالأمن القومي العربي في عالم متغير بعد أحداث 11سبتمبر -أيلول 2001 / _c مدحت أيوب |
|
| 260 |
_aالقاهرة: _bمكتبة مدبولي, _c2003 |
||
| 300 |
_a369 صفحة؛ _bإيضاحات ؛ _c24 سم |
||
| 504 | _aببليوغرافيا:ص.3-5 | ||
| 520 | _aمفهوم الأمن القومي العربي وآفاق البحث فيه،أحداث 11سبتمبر والأمن العربي،المقاومة الوطنية في إطار الأمن القومي العربي،المحور الاقتصادي،المحور العسكري والتكنولوجي،المحور الاجتماعي والثقافي | ||
| 653 | _aالأقليات | ||
| 653 | _aالأمن القومي | ||
| 942 | _cكتاب | ||
| 999 |
_c42924 _d42924 |
||